书目信息 |
| 题名: |
北方地区工人运动资料选编
|
|
| 作者: | ;中国革命博物馆 编 | |
| 分册: | ||
| 出版信息: | 北京 北京出版社 1981 |
|
| 页数: | 583页 | |
| 开本: | 21cm | |
| 丛书名: | ||
| 单 册: | ||
| 中图分类: | K261.306 | |
| 科图分类: | ||
| 主题词: | 工人运动--中国--史料 | |
| 电子资源: | ||
| ISBN: | ||
| 000 | 00819nam0 2200265 450 | |
| 000 | 00782nam0 2200253 450 | |
| 000 | 00839nam0 2200253 450 | |
| 001 | 0181010146 | |
| 005 | 20150323083753.21 | |
| 010 | @dCNY1.90 | |
| 091 | @a11071.147 | |
| 100 | @a19950316d1981 em y0chiy0110 ea | |
| 101 | 0 | @achi |
| 102 | @aCN@b110000 | |
| 105 | @af z 000yy | |
| 106 | @ar | |
| 200 | 1 | @a北方地区工人运动资料选编@9bei fang di qu gong ren yun dong zi liao xuan bian@e1921~1923@f中国革命博物馆编 |
| 210 | @a北京@c北京出版社@d1981 | |
| 215 | @a583页@c照片@d21cm | |
| 606 | 0 | @a工人运动@y中国@x史料 |
| 690 | @aK261.306@v3 | |
| 711 | 02 | @a中国革命博物馆@9zhong guo ge ming bo wu guan@4编 |
| 801 | 0 | @aCN@b91MARC@c20130904 |
| 905 | @b0847814@dK261.306@e116@f1 | |
| 北方地区工人运动资料选编:1921~1923/中国革命博物馆编.-北京:北京出版社,1981 |
| 583页:照片;21cm |
| ISBN :CNY1.90 |
| ● |
| 相关链接 |
|
|
|
|
正题名:北方地区工人运动资料选编
索取号:K261.306/116
 
预约/预借
| 序号 | 登录号 | 条形码 | 馆藏地/架位号 | 状态 | 备注 |
| 1 | 0847814 | 208478146 | 地方文献典藏中心/ [索取号:K261.306/116] | 在馆 |